000 00515nab a2200145Ia 4500
003 ES-SlBCS
005 20210601144345.0
008 140529s1991 xxu||||| |||| 00| 0 spa d
041 _aspa
100 1 _aCelorrio Ibáñez, Rafael
_9254803
245 0 0 _aAnálisis de la distribución del tiempo y del trabajo escolar
_c Rafael Celorrio Ibáñez
650 0 4 _aTrabajo Escolar
_9208925
773 0 _tRevista de Ciencias de la Educacion (Antes: Revista Calasancia)
_gvol. 37, 1991, págs. 299-318
_wRev1696
942 _cAR
999 _c707410
_d707410